Регионална библиотека "Любен Каравелов" - Русе

Под сянката на кипарисите (Запис номер 137258)

MARC детайли
000 -Лидер
Контролно поле с фиксирана дължина 02067nam a2200457 c 4500
003 - Код на организацията, давaща контролен номер
Контролно поле BLK
005 - Дата и час на последна редакция
Контролно поле 20240430005252.0
008 - Елементи от данни с фиксирана дължина
fixed length control field 180409b bul|||||r ||||||| ||bul||
010 ## - Наследен системен номер
LC control number KNG00143224000
020 ## - Международен стандартен номер на книга ISBN
Международен стандартен номер на книга ISBN 978-954-9489-33-0
-- издат.: ДАР-РХ
040 ## - Източник на каталожния запис
Идентификатор на билиотеката - собственик на записа BLK
041 ## - Код за език
Код за езика на текст/звукозапис или на отделно заглавие Български
Код за езика КДБФ Български
072 #7 - Код за тематичната категория
Код организация bullib
Код за тематична категория Я
Текст Автографи
072 #7 - Код за тематичната категория
Код организация bullib
Код за тематична категория Н82
Текст Литературознание Н
080 ## - УДК
Текстов определител УДК Българска литература
УДК код - определител по УДК 821.163.2
УДК определител (092)
УДК - код + определител 821.163.2(092)
080 ## - УДК
Текстов определител УДК Българска литература
УДК код - определител по УДК 821.163.2
УДК определител -1.09
УДК - код + определител 821.163.2-1.09
080 ## - УДК
Текстов определител УДК Български поет
УДК код - определител по УДК 929 Славейков, Пенчо Петков
УДК определител
УДК - код + определител 929 Славейков, Пенчо Петков
100 1# - Редна дума - Автор
Автор Димитров, Николай Стойчев
Авторска отговорност първи автор
R(LIN) 265452
139 ## - Редно поле
Редна дума Димитров, Николай Стойчев
Авторски знак Славе - С 42
245 10 - Сведения за заглавието
Заглавие Под сянката на кипарисите
Подзаглавни данни Кн. за кн. "На острова на блажените"
Редно поле (дума) Николай Стойчев Димитров.
257 ## - Страна на издаване
Страна на създаване/издаване България
260 ## - Област на издателските данни
-- В. Търново
Име на издателя, разпространителя и проч. ДАР-РХ
Година на издаване 2013
300 ## - Физическа характеристика
Страници 144 с.
Размери/Мащаб 21 см
380 ## - Жанр
Жанр Литературознание
500 ## - Общи забележки
Забележка Библиогр. с. 133-142.
600 #0 - Име на лице, използвано като предмет
За него / За нея Славейков, Пенчо Петков
Свързани дати 1866-1912
Друга информация Поет. Фолклорист. Преводач от немски и руски език.
9 (RLIN) 364367
650 #4 - Допълнително описание по предмет – тема
Основно описание – тема или топоним Славейков, Пенчо Петков
9 (RLIN) 364367
650 #4 - Допълнително описание по предмет – тема
Основно описание – тема или топоним Българска литература - критика
9 (RLIN) 241969
650 #4 - Допълнително описание по предмет – тема
Основно описание – тема или топоним Поезия, българска - история и критика
9 (RLIN) 243651
653 ## - Ключова дума – ненормативна
Ключова дума Пенчо Славейков
653 ## - Ключова дума – ненормативна
Ключова дума българска литература
653 ## - Ключова дума – ненормативна
Ключова дума литературна критика
659 ## - Тематичен бюлетин
Тематичен бюлетин Н
659 ## - Тематичен бюлетин
Тематичен бюлетин Я
852 ## - Местоположение
Форматна сигнатура Цб 259578
856 4# - Електронен адрес и достъп
Електронен формат pdf - файл
Път до файла /url/
856 4# - Електронен адрес и достъп
Електронен формат pdf - файл
Път до файла /url/
942 ## - АРТИКУЛИ
Вид на библиотечния материал Книги
Скрит в OPAC Не
944 ## - СЪЗДАВАНЕ И РЕДАКЦИЯ на ЗАПИСА
Създаване/Редакция Създаване
Дата на регистрацията/редакция 29.05.2013
Статус, дата на статуса CRON CRON
Служител, извършил регистрацията/редакцията
944 ## - СЪЗДАВАНЕ И РЕДАКЦИЯ на ЗАПИСА
Създаване/Редакция Редакция
Дата на регистрацията/редакция 05.07.2013
Статус, дата на статуса ф /
Служител, извършил регистрацията/редакцията
999 ## - СИСТЕМНИ КОНТРОЛНИ НОМЕРА
Koha biblionumber 137258
Koha biblioitemnumber 137258
Наличности
Код за отписване Код за изгубен артикул Код за повреда Коз за рестрикции Код за отдаване Артикулен № Име на библиотеката - собственик Име на библиотеката, в която се намира в момента Статус (Текущо местоположение) Дата на вписване в системата Местоположение - отдел Цена в лева Номерация (Хронология) Инвентарен номер Систематично азбучна сигнатура Баркод Номер на екземпляра Цена в евро Служебна бележка Служебен тип на артикула Източник на класификационната схема
  Не е изгубен Не е повреден без рестрикции ползва се в читалня 224488 Регионална библиотека "Любен Каравелов" Русе Регионална библиотека "Любен Каравелов" Русе Хранилище 2013-06-05 Основен фонд - ползва се само за читалня 16.00 Автограф: Николай Димитров 120000766590 Цб 259578 120000766590 1 8.18 Дост: DA Вид: А N: 10 Дата: 02.06.2013 Книги  
  Не е изгубен Не е повреден без рестрикции заемане за дома 224489 Регионална библиотека "Любен Каравелов" Русе Регионална библиотека "Любен Каравелов" Русе Заемна - подръчен фонд 2013-06-05 Заемна - подръчен фонд 16.00   120000766591 П 821.163.2.09(092)/С 42 120000766591 2 8.18 Дост: DA Вид: А N: 10 Дата: 02.06.2013 Дата инв: 07.02.2018 Бележки инв: П2018 Книги Universal Decimal Classification
Vip Innovations Ltd, Rousse, Bulgaria 2025